Campeones de la Eurocopa (futbolistas) - ¡Muerte súbita! - Estadísticas

Estadísticas generales
  • Esta prueba ha sido intentada 131 veces
  • La puntuación promedio es 11 de 27
Answers on the Grid
Answers color-coded by a green-red scale on the quiz's grid according to % correct below.
Iker Casillas
Lothar Matthäus
Andrés Iniesta
Xavi
Cristiano Ronaldo
Sergio Ramos
Jürgen Klinsmann
Franz Beckenbauer
Uli Hoeneß
Sepp Maier
Lev Yashin
Lilian Thuram
Xabi Alonso
Thierry Henry
Marcel Desailly
Patrick Vieira
Alessandro Bastoni
Lamine Yamal
Gerard Piqué
Oliver Kahn
Pepe
Marco van Basten
Antonín Panenka
Ruud Gullit
Jorginho
Gianluigi Donnarumma
Zinédine Zidane
Dennis Bergkamp
Paul Pogba
Philipp Lahm
Bastian Schweinsteiger
Miroslav Klose
Jens Lehmann
Bukayo Saka
Paolo Maldini
Francesco Totti
Declan Rice
Manuel Neuer
Joshua Kimmich
Kylian Mbappe
Gianluigi Buffon
Luka Modric
Frank Lampard
Ronaldinho
Lionel Messi
Ousmane Dembélé
David Beckham
Johan Cruyff
 
Estadísticas de respuestas
Respuesta % Correcto
Lamine Yamal
69%
Xavi
68%
Iker Casillas
66%
Xabi Alonso
65%
Cristiano Ronaldo
61%
Sergio Ramos
61%
Gerard Piqué
59%
Andrés Iniesta
58%
Jorginho
58%
Pepe
58%
Gianluigi Donnarumma
57%
Zinédine Zidane
47%
Thierry Henry
39%
Patrick Vieira
36%
Ruud Gullit
36%
Marco van Basten
35%
Franz Beckenbauer
32%
Alessandro Bastoni
31%
Lilian Thuram
31%
Lothar Matthäus
27%
Lev Yashin
26%
Antonín Panenka
24%
Jürgen Klinsmann
24%
Marcel Desailly
24%
Sepp Maier
19%
Uli Hoeneß
19%
Oliver Kahn
11%
No se encontraron pruebas coincidentes
Distribución de puntuación
Porcentaje de gente con cada puntuación
Porcentaje por número respondido
Historial de tus puntuaciones
No has intentado esta prueba.